| 000 | 00319cam a2200133 i 4500 | ||
|---|---|---|---|
| 020 | _a0670270814 | ||
| 040 | _cDLC | ||
| 082 | 0 | 0 | _a823 VIK 1980 A110 Or. |
| 100 | 1 | _aForsyth, Frederick, | |
| 245 | 1 | 4 | _aThe devil's alternative / |
| 260 |
_aNew York : _bViking Press, _c1980. |
||
| 300 |
_a403 p. ; _c22 cm. |
||
| 942 | _cEK | ||
| 999 |
_c17077 _d17077 |
||